FOot - Statistiques

Statistiques générales
  • Ce quiz a été pris 21 fois
  • Le résultat moyen est 5 sur 10
Statistiques - réponses
Réponse % Correct
9 Messi
95%
1 Ronaldo
89%
4 Mbappe
79%
3 Neymar
63%
6 Pele
63%
7 Maradona
58%
2 Benzema
32%
8 Ramos
26%
10 j
21%
5 Platini
21%
Aucun quiz correspondant
Distribution des résultats
% des personnes avec chaque résultat
Percentile par nombre de réponses
Votre historique - résultats
Vous n’avez pas pris ce quiz